000 00237nam a22000857a 4500
008 160718b xxu||||| |||| 00| 0 eng d
100 _92980
_a Dorling Kindersley
245 _aUltimate Visual Dictionary
260 _aNew York
_bDorling Kindersley
999 _c2543
_d2543